[Event "HUN-chT2 Asztalos 0910"]
[Site "Hungary"]
[Date "2009.11.22"]
[Round "2"]
[White "Waszner, Karoly"]
[Black "Bol, Johanesz"]
[Result "0-1"]
[WhiteElo "1876"]
[BlackElo "1871"]
[PlyCount "70"]
[EventDate "2009.11.08"]
[EventType "team-tourn"]
[EventRounds "11"]
[EventCountry "HUN"]
[SourceTitle "EXT 2011"]
[Source "ChessBase"]
[SourceDate "2010.11.26"]
[SourceVersion "1"]
[SourceVersionDate "2010.11.26"]
[SourceQuality "1"]
[WhiteTeam "Mohacs"]
[BlackTeam "Veszprem"]
[WhiteTeamCountry "HUN"]
[BlackTeamCountry "HUN"]

1. e4 c5 2. Nc3 Nc6 3. Nf3 e6 4. d4 cxd4 5. Nxd4 Nf6 6. Nxc6 bxc6 7. Bd3 d5 8. exd5 cxd5 9. 0-0 Be7 10. Bf4 Bd7 11. Nb5 0-0 12. Nd4 Qb6 13. Rb1 Rfe8 14. Be5 Bc6 15. Qe2 Nd7 16. Nxc6 Qxc6 17. Bc3 Qb6 18. b4 d4 19. Bd2 Bf6 20. a4 e5 21. Qg4 Qc7 22. a5 g6 23. Rfe1 Bg7 24. Bg5 f6 25. Bd2 f5 26. Qh3 e4 27. Bb5 Rab8 28. Qb3+ Kh8 29. Qa4 Re7 30. g3 Rc8 31. Bxd7 Qxd7 32. Qb3 Qb5 33. Rbc1 Rec7 34. h3 Rc4 35. g4 a6 0-1

[Event "HUN-chT2 Szechenyi 0809"]
[Site "Hungary"]
[Date "2009.04.05"]
[Round "10.11"]
[White "Bol, Johanesz"]
[Black "Makk, Robert"]
[Result "0-1"]
[WhiteElo "100"]
[BlackElo "1817"]
[PlyCount "98"]
[EventDate "2008.10.26"]
[EventType "team-tourn"]
[EventRounds "11"]
[EventCountry "HUN"]
[SourceTitle "EXT 2010"]
[Source "ChessBase"]
[SourceDate "2010.11.25"]
[SourceVersion "1"]
[SourceVersionDate "2010.11.25"]
[SourceQuality "1"]
[WhiteTeam "Veszprem"]
[BlackTeam "Alsoszolnok"]
[WhiteTeamCountry "HUN"]
[BlackTeamCountry "HUN"]

1. e4 e5 2. Nf3 Nf6 3. d4 Nxe4 4. Bd3 d5 5. dxe5 Bf5 6. 0-0 Bc5 7. Nc3 Nxc3 8. bxc3 Bg4 9. h3 Bh5 10. Rb1 b6 11. g4 Bg6 12. Qe2 0-0 13. h4 f5 14. Ng5 Qe7 15. h5 f4 16. hxg6 Qxg5 17. gxh7+ Kh8 18. e6 Nc6 19. Re1 Rf6 20. Qf3 Ne5 21. Rxe5 Qxe5 22. Bd2 Qxe6 23. Re1 Qd6 24. Bf5 Raf8 25. Bxf4 Rxf5 26. gxf5 Qd7 27. Qh5 Qxf5 28. Qxf5 Rxf5 29. Re8+ Kxh7 30. Be3 Bxe3 31. Rxe3 c6 32. Kg2 Rf4 33. Re7 a5 34. Re6 Rc4 35. Re3 b5 36. Kf3 Ra4 37. Ke2 Rxa2 38. Kd3 Ra4 39. Re6 Rc4 40. Re8 a4 41. Ra8 Kh6 42. Kd2 g5 43. Rh8+ Kg6 44. Rg8+ Kh5 45. Rh8+ Kg4 46. Ra8 Kf3 47. Rf8+ Rf4 48. Rg8 g4 49. Rg6 Kxf2 0-1

[Event "HUN-chT2 Szechenyi 0809"]
[Site "Hungary"]
[Date "2009.02.16"]
[Round "7.11"]
[White "Bol, Johanesz"]
[Black "Lippert, Ferenc"]
[Result "1-0"]
[WhiteElo "100"]
[BlackElo "1769"]
[PlyCount "62"]
[EventDate "2008.10.26"]
[EventType "team-tourn"]
[EventRounds "11"]
[EventCountry "HUN"]
[SourceTitle "EXT 2010"]
[Source "ChessBase"]
[SourceDate "2010.11.25"]
[SourceVersion "1"]
[SourceVersionDate "2010.11.25"]
[SourceQuality "1"]
[WhiteTeam "Veszprem"]
[BlackTeam "Flesch"]
[WhiteTeamCountry "HUN"]
[BlackTeamCountry "HUN"]

1. e4 e5 2. Nf3 Nc6 3. d4 exd4 4. Bc4 Nf6 5. e5 d5 6. Bb5 Ne4 7. Nxd4 Bd7 8. Bxc6 bxc6 9. 0-0 Bc5 10. f3 Ng5 11. Be3 Ne6 12. c3 Nxd4 13. cxd4 Bb6 14. Qc2 Qe7 15. Nd2 0-0 16. Rae1 Qe6 17. f4 Qf5 18. Qc3 f6 19. Nf3 Rae8 20. h3 Qg6 21. Kh2 f5 22. Bc1 h6 23. b4 Re6 24. a4 a6 25. Ba3 Ra8 26. a5 Ba7 27. Qd3 Ree8 28. g3 Qe6 29. Rg1 Kf7 30. g4 fxg4 31. hxg4 g6 1-0